[Event "Buenos Aires U2200"]
[Site "Buenos Aires"]
[Date "2015.10.29"]
[Round "6.8"]
[White "Quiroga, Luis Alberto"]
[Black "Brunsteins, Daniel Bernardo"]
[Result "1/2-1/2"]
[WhiteElo "1858"]
[BlackElo "1842"]
[PlyCount "25"]
[EventDate "2015.10.20"]
[EventType "swiss"]
[EventRounds "7"]
[EventCountry "ARG"]
[SourceTitle "EXT 2024"]
[Source "ChessBase"]
[SourceDate "2023.10.10"]
[SourceVersion "1"]
[SourceVersionDate "2023.10.10"]
[SourceQuality "1"]

1. e4 c6 2. d4 d5 3. Nc3 dxe4 4. Nxe4 Nd7 5. Nf3 Ngf6 6. Nxf6+ Nxf6 7. Be2 Bg4 8. c3 e6 9. Bf4 Bd6 10. Bxd6 Qxd6 11. Ne5 Bxe2 12. Qxe2 0-0 13. 0-0 1/2-1/2

[Event "Buenos Aires U2200 1st"]
[Site "Buenos Aires"]
[Date "2015.02.14"]
[Round "2.8"]
[White "Quiroga, Luis Alberto"]
[Black "Amato, Leonel"]
[Result "1/2-1/2"]
[WhiteElo "1858"]
[BlackElo "2027"]
[PlyCount "53"]
[EventDate "2015.02.14"]
[EventType "swiss"]
[EventRounds "7"]
[EventCountry "ARG"]
[SourceTitle "EXT 2024"]
[Source "ChessBase"]
[SourceDate "2023.10.10"]
[SourceVersion "1"]
[SourceVersionDate "2023.10.10"]
[SourceQuality "1"]

1. e4 c5 2. Nc3 g6 3. g3 Bg7 4. Bg2 Nc6 5. f4 d6 6. Nf3 e5 7. d3 Nge7 8. 0-0 0-0 9. h3 f5 10. Nd5 Nd4 11. fxe5 Nxf3+ 12. Qxf3 Nxd5 13. exd5 dxe5 14. Kh2 Qd6 15. c4 a5 16. Rb1 a4 17. Qe2 Bd7 18. b3 axb3 19. axb3 Ra6 20. Bb2 Rfa8 21. Ra1 Ra2 22. Rxa2 Rxa2 23. Ra1 Qa6 24. Qe1 Kf7 25. Rxa2 Qxa2 26. Bxe5 Bf8 27. Qc3 1/2-1/2